[Event "Rasht Khazar op 18th"]
[Site "Rasht"]
[Date "2020.02.18"]
[Round "7"]
[White "Ghesmati, Aryan"]
[Black "Tahbaz, Arash"]
[Result "0-1"]
[WhiteElo "2056"]
[BlackElo "2461"]
[PlyCount "128"]
[EventDate "2020.02.13"]
[EventType "swiss"]
[EventRounds "9"]
[EventCountry "IRI"]
[SourceTitle "CBM 195 Extra"]
[Source "ChessBase"]
[SourceDate "2020.05.31"]
[SourceVersion "1"]
[SourceVersionDate "2020.05.31"]
[SourceQuality "1"]

1. e4 g6 2. d4 Bg7 3. Nc3 d6 4. Be3 Nd7 5. Qd2 a6 6. a4 Ngf6 7. f3 0-0 8. Nge2 c5 9. g4 cxd4 10. Nxd4 Ne5 11. Be2 Bd7 12. h4 Rc8 13. h5 Nc4 14. Bxc4 Rxc4 15. Nde2 Qa5 16. h6 Bh8 17. g5 Nh5 18. Nd5 Qd8 19. c3 Be6 20. Ndf4 Nxf4 21. Nxf4 Qd7 22. Nxe6 fxe6 23. Qd1 d5 24. 0-0 Qc7 25. Kg2 dxe4 26. fxe4 Rxf1 27. Qxf1 Rxe4 28. Qf3 Rh4 29. Rd1 Be5 30. Rf1 Qc6 31. Qxc6 bxc6 32. Rd1 Rxa4 33. Rd8+ Kf7 34. Bd4 Bxd4 35. cxd4 Ra5 36. Rh8 Rxg5+ 37. Kf3 e5 38. dxe5 Rxe5 39. Rxh7+ Ke6 40. Rg7 Kf6 41. Rg8 Rh5 42. Rc8 Rxh6 43. Rxc6+ Kf5 44. Rxa6 Rh3+ 45. Kg2 Rb3 46. Ra5+ e5 47. Ra8 Rxb2+ 48. Kf3 Rb3+ 49. Ke2 g5 50. Ra4 g4 51. Ra8 Kf4 52. Rf8+ Ke4 53. Rg8 Rb2+ 54. Kf1 Kf3 55. Rf8+ Kg3 56. Re8 Rb1+ 57. Ke2 Kg2 58. Rxe5 g3 59. Rg5 Rb8 60. Ke3 Re8+ 61. Kd2 Kf2 62. Rf5+ Kg1 63. Rh5 g2 64. Rh7 Re5 0-1

[Event "Baku Jafarov Memorial"]
[Site "Baku"]
[Date "2018.01.07"]
[Round "5"]
[White "Ghesmati, Aryan"]
[Black "Eynullayev, Altay Elshan"]
[Result "0-1"]
[WhiteElo "1958"]
[BlackElo "2121"]
[PlyCount "157"]
[EventDate "2018.01.04"]
[EventType "swiss"]
[EventRounds "9"]
[EventCountry "AZE"]
[SourceTitle "CBM 182 Extra"]
[Source "ChessBase"]
[SourceDate "2018.02.23"]
[SourceVersion "1"]
[SourceVersionDate "2018.02.23"]
[SourceQuality "1"]

1. e4 c5 2. Nf3 d6 3. d4 cxd4 4. Nxd4 Nf6 5. Nc3 a6 6. Be2 e5 7. Nb3 Be7 8. 0-0 0-0 9. Be3 Be6 10. Qd2 Nbd7 11. a4 Nb6 12. a5 Nc4 13. Bxc4 Bxc4 14. Rfd1 Rc8 15. f3 Rc6 16. Qf2 Qc8 17. Nc1 Rd8 18. Nd3 Be6 19. Rd2 Rxc3 20. bxc3 Qxc3 21. Qe1 Rc8 22. Bf2 h6 23. Re2 Qc6 24. Qb4 Bc4 25. Rd2 Kf8 26. Qb2 Bb5 27. Rc1 Qc3 28. Qxc3 Rxc3 29. Be1 Nd7 30. Rdd1 Rc8 31. Nb2 Be2 32. Rd5 Bb5 33. c4 Bc6 34. Rdd1 Nc5 35. Rc3 f5 36. exf5 e4 37. Bf2 exf3 38. gxf3 Kf7 39. Bd4 Bg5 40. Be3 Bxf3 41. Bxg5 Bxd1 42. Bf4 Bg4 43. Bxd6 Ne4 44. Rd3 Nxd6 45. Rxd6 Bxf5 46. Rb6 Be4 47. Rb4 Rc5 48. Ra4 Rg5+ 49. Kf1 Rg2 50. Rb4 Rxh2 51. c5 Bc6 52. Nc4 Rh5 53. Nd6+ Kg8 54. Rc4 Bb5 55. Nxb5 axb5 56. c6 bxc6 57. Rxc6 b4 58. a6 Ra5 59. Rb6 b3 60. Rxb3 Rxa6 61. Kg2 Kh7 62. Kg3 Kg6 63. Rb5 Rf6 64. Kg4 h5+ 65. Kh4 Rf4+ 66. Kg3 Rf5 67. Rb7 Kh6 68. Ra7 g6 69. Ra6 Kg5 70. Rb6 h4+ 71. Kh3 Kh5 72. Rb8 Rf3+ 73. Kg2 Rg3+ 74. Kh2 g5 75. Rb4 Rf3 76. Rb5 Kg4 77. Kg2 h3+ 78. Kh2 Kh4 79. Rb8 0-1

[Event "Hamedan op"]
[Site "Hamedan"]
[Date "2017.08.13"]
[Round "3"]
[White "Pilvaieh, Ali"]
[Black "Ghesmati, Aryan"]
[Result "1/2-1/2"]
[WhiteElo "2152"]
[BlackElo "1953"]
[PlyCount "96"]
[EventDate "2017.08.12"]
[EventType "swiss"]
[EventRounds "11"]
[EventCountry "IRI"]
[SourceTitle "CBM 180 Extra"]
[Source "ChessBase"]
[SourceDate "2017.10.06"]
[SourceVersion "1"]
[SourceVersionDate "2017.10.06"]
[SourceQuality "1"]

1. e4 c5 2. Nc3 Nc6 3. f4 g6 4. Nf3 Bg7 5. Bc4 e6 6. f5 Nge7 7. fxe6 fxe6 8. d3 0-0 9. 0-0 d5 10. Bb3 Rb8 11. Bg5 Qd6 12. Kh1 b5 13. exd5 exd5 14. Ne4 Qc7 15. Nxc5 Bxb2 16. Rb1 Bg7 17. d4 Kh8 18. c3 b4 19. cxb4 Rxb4 20. Qd2 Rb6 21. Rbc1 Qd6 22. Bh6 Bxh6 23. Qxh6 Nf5 24. Qd2 Rb8 25. g4 Nfe7 26. Ng5 Bxg4 27. Nf7+ Rxf7 28. Rxf7 Nf5 29. Qg2 h5 30. Rf1 Ne3 31. Qd2 Nf5 32. Qg5 Ncxd4 33. Qf6+ Qxf6 34. Rxf6 Bf3+ 35. Kg1 Rc8 36. Ne6 Nxe6 37. Rxf3 Ng5 38. Rf1 Kg7 39. Ra6 Rc7 40. Rd1 d4 41. Be6 Ne3 42. Rb1 Re7 43. Bc8 Rc7 44. Rb7 Rxb7 45. Bxb7 Nh3+ 46. Kh1 Nf2+ 47. Kg1 Nh3+ 48. Kh1 Nf2+ 1/2-1/2

[Event "Avicenna op 12th"]
[Site "Hamedan"]
[Date "2015.09.03"]
[Round "2"]
[White "Mousavi, Seyed Khalil"]
[Black "Ghesmati, Aryan"]
[Result "1-0"]
[WhiteElo "2427"]
[BlackElo "1913"]
[PlyCount "77"]
[EventDate "2015.09.02"]
[EventType "swiss"]
[EventRounds "11"]
[EventCountry "IRI"]
[SourceTitle "EXT 2016"]
[Source "ChessBase"]
[SourceDate "2015.10.08"]
[SourceVersion "1"]
[SourceVersionDate "2015.10.08"]
[SourceQuality "1"]

1. d4 d5 2. Nf3 c6 3. e3 Bf5 4. c4 e6 5. Nc3 Nf6 6. Nh4 Bg4 7. Qb3 Qc7 8. h3 Bh5 9. g4 Bg6 10. Nxg6 hxg6 11. Bg2 Nbd7 12. Bd2 Be7 13. Rc1 Qb6 14. c5 Qxb3 15. axb3 Bd8 16. b4 a6 17. Ra1 Rb8 18. f4 Bc7 19. Bf3 Ke7 20. Kf2 Rh7 21. Kg2 Rbh8 22. Be1 Ne8 23. Ne2 f5 24. g5 Nf8 25. Nc1 Kf7 26. b5 axb5 27. Ra7 Ke7 28. Rxb7 Kd7 29. Nd3 Kc8 30. Ra7 Kb8 31. Ra6 Kb7 32. Nb4 Bd8 33. Bc3 Bc7 34. Rxc6 Ba5 35. Ra6 Bxb4 36. Rb6+ Kc8 37. Bxb4 Nc7 38. Ba5 Na8 39. Rxb5 1-0